000
00325nam a2200157Ia 4500
100
_a
Rappaport/Theodore
250
_a
2
942
_c
BK
366
_f
15
654
_a
wireless
245
_a
Wireless communications
260
_b
Pearson Education
_c
2002
082
_a
621.382
_b
RAP
300
_a
707
546
_a
ENGLISH
999
_c
28250
_d
28250